| 000 | 00409nam a2200157Ia 4500 | ||
|---|---|---|---|
| 008 | 230312s9999||||xx |||||||||||||| ||und|| | ||
| 020 | _a0-7506-6544-0 | ||
| 082 |
_a720.47 _bSMI-A |
||
| 100 | _aSmith;Peter.F | ||
| 245 | 0 | _aArchitecture in a Climate of Change | |
| 260 |
_bElsevier _aUK _c2005 |
||
| 300 | _a278 | ||
| 546 | _aEng. | ||
| 650 |
_aArchitecture _vArchitecture in a Climate of Change |
||
| 942 | _cBK | ||
| 999 |
_c9152 _d9152 |
||